| 000 | 00544nam a2200157Ia 4500 | ||
|---|---|---|---|
| 008 | 210324s9999||||xx |||||||||||||| ||und|| | ||
| 040 | _cSTCPL | ||
| 041 | _hMAL | ||
| 082 |
_a281.93 _bJOS-A |
||
| 100 | _aJose N. K. | ||
| 245 | 0 |
_aAdima kerala christavar _hആദിമ കേരള ക്രൈസ്തവര് |
|
| 260 |
_aDelhi _bVidyarthi Mithram _c1472 |
||
| 300 | _aP- 144 19 CM | ||
| 650 | _aGeneralINTERPRETATIONS, THE ARTIST AS AMERICAN, BY BERNARD DEVOTO, SOUTH WESTERN VERNAVULAR BY JAMES M. COX. VIEW POINTS. | ||
| 942 | _cBK | ||
| 999 |
_c22066 _d22066 |
||